书目信息 |
| 题名: |
建筑装饰装修工程施工工艺标准
|
|
| 作者: | ;北京城建集团 编 | |
| 分册: | ||
| 出版信息: | 北京 中国计划出版社 2004.07 |
|
| 页数: | 925页 | |
| 开本: | 20cm | |
| 丛书名: | ||
| 单 册: | ||
| 中图分类: | TU767-65 | |
| 科图分类: | ||
| 主题词: | 建筑装饰--jian zhu zhuang shi--工程装修--标准 | |
| 电子资源: | ||
| ISBN: | 7-80177-306-3 | |
| 000 | 01104nam0 2200265 450 | |
| 001 | 0104000024 | |
| 005 | 20051124115123.1 | |
| 010 | @a7-80177-306-3@dCNY62.00 | |
| 100 | @a20081124d2004 ekmy0chiy0120 ea | |
| 101 | 0 | @achi |
| 102 | @aCN@b110000 | |
| 105 | @aa l 000yy | |
| 106 | @ar | |
| 200 | 1 | @a建筑装饰装修工程施工工艺标准@AJian Zhu Zhuang Shi Zhuang Xiu Gong Cheng Shi Gong Gong Yi Biao Zhun@f北京城建集团编@Fbei jing cheng jian ji tuan bian |
| 210 | @a北京@c中国计划出版社@d2004.07 | |
| 215 | @a925页@c图@d20cm | |
| 300 | @a建筑 路桥 市政工程施工工艺标准 | |
| 330 | @a本书编制了地面工程、抹灰工程、门窗工程、吊顶工程、轻质隔墙工程、饰面工程、幕墙工程、涂饰工程、裱糊与软包工程等95项。每项工艺标准包括适用范围、施工准备、操作工艺、质量标准等八个方面内容。 | |
| 510 | 1 | @aConstruction technology standard in building decoration and finishes@zeng |
| 606 | 0 | @a建筑装饰@Ajian zhu zhuang shi@x工程装修@x标准 |
| 690 | @aTU767-65@v4 | |
| 711 | 02 | @a北京城建集团@ABei Jing Cheng Jian Ji Tuan@4编 |
| 801 | 0 | @aCN@bHTDF@c20081124 |
| 905 | @aBZT@dTU767-65@e2@f10 | |
| 906 | @dCNY62.00@n0@r1 | |
| 建筑装饰装修工程施工工艺标准/北京城建集团编.-北京:中国计划出版社,2004.07 |
| 925页:图;20cm |
| 建筑 路桥 市政工程施工工艺标准 |
| ISBN 7-80177-306-3:CNY62.00 |
| 本书编制了地面工程、抹灰工程、门窗工程、吊顶工程、轻质隔墙工程、饰面工程、幕墙工程、涂饰工程、裱糊与软包工程等95项。每项工艺标准包括适用范围、施工准备、操作工艺、质量标准等八个方面内容。 |
| ● |
| 相关链接 |
|
|
|
正题名:建筑装饰装修工程施工工艺标准
索取号:TU767-65/2
 
预约/预借
| 序号 | 登录号 | 条形码 | 馆藏地/架位号 | 状态 | 备注 |
| 1 | 703292 | 2000703292 | 中心书库中库/ 中库022架A面5列1层38/ [索取号:TU767-65/2] | 在馆 | |
| 2 | 703293 | 2000703293 | 中心书库中库/ 中库022架A面3列4层32/ [索取号:TU767-65/2] | 在馆 | |
| 3 | 703294 | 2000703294 | 中心书库中库/ 中库023架B面7列6层27/ [索取号:TU767-65/2] | 在馆 | |
| 4 | 703295 | 2000703295 | 中心书库中库/ 中库022架A面5列1层39/ [索取号:TU767-65/2] | 在馆 | |
| 5 | 703296 | 2000703296 | 中心书库中库/ 中库022架A面5列1层40/ [索取号:TU767-65/2] | 在馆 | |
| 6 | 703297 | 2000703297 | 中心书库中库/ 中库022架A面5列1层42/ [索取号:TU767-65/2] | 在馆 | |
| 7 | 703298 | 2000703298 | 中心书库中库/ 中库022架A面5列1层37/ [索取号:TU767-65/2] | 在馆 | |
| 8 | 703299 | 2000703299 | 中心书库中库/ 中库022架A面5列1层41/ [索取号:TU767-65/2] | 在馆 | |
| 9 | 703300 | 2000703300 | 中心书库中库/ 中库022架A面5列1层35/ [索取号:TU767-65/2] | 在馆 | |
| 10 | 703301 | 2000703301 | 中心书库中库/ 中库022架A面5列1层36/ [索取号:TU767-65/2] | 在馆 |